ბათუმის შოთა რუსთაველის სახელმწიფო უნივერსიტეტის ბიბლიოთეკა

მათემატიკა. 11კლ. მოსწავლის წიგნი. (ბიბ.ჩანაწერი № 51391)

000 -LEADER
fixed length control field 00755nam a2200229Ia 4500
001 - CONTROL NUMBER
control field 18376
003 - CONTROL NUMBER IDENTIFIER
control field GE_BSU
008 - FIXED-LENGTH DATA ELEMENTS--GENERAL INFORMATION
fixed length control field 181216s||||||||xx |||||||||||||| ||und||
020 ## - INTERNATIONAL STANDARD BOOK NUMBER
International Standard Book Number 9789941234484
040 ## - CATALOGING SOURCE
Transcribing agency GE_BSU
080 ## - UNIVERSAL DECIMAL CLASSIFICATION NUMBER
Universal Decimal Classification number 51(075.3)
100 ## - MAIN ENTRY--PERSONAL NAME
Personal name ჯაფარიძე,ნ. წილოსანი,მ. წულაია,ნ.
245 ## - TITLE STATEMENT
Title მათემატიკა. 11კლ. მოსწავლის წიგნი.
260 ## - PUBLICATION, DISTRIBUTION, ETC.
Place of publication, distribution, etc. თბილისი
260 ## - PUBLICATION, DISTRIBUTION, ETC.
Name of publisher, distributor, etc. ბაკურ სულაკაურის გამ-ბა
260 ## - PUBLICATION, DISTRIBUTION, ETC.
Date of publication, distribution, etc. 2015
300 ## - PHYSICAL DESCRIPTION
Extent 263გვ.28სმ.
653 ## - INDEX TERM--UNCONTROLLED
Uncontrolled term მათემატიკა
653 ## - INDEX TERM--UNCONTROLLED
Uncontrolled term მოსწავლის წიგნი
942 ## - ADDED ENTRY ELEMENTS (KOHA)
Koha item type წიგნი
ეგზემპლარები
Withdrawn status Lost status Damaged status Not for loan Date acquired Barcode Date last seen Price effective from Koha item type
        2018-12-17 47093 2018-12-17 2018-12-17 წიგნი
        2018-12-17 47094 2018-12-17 2018-12-17 წიგნი
        2018-12-17 47095 2018-12-17 2018-12-17 წიგნი
        2018-12-17 47096 2018-12-17 2018-12-17 წიგნი
        2018-12-17 47097 2018-12-17 2018-12-17 წიგნი